000 00755nam a2200253Ia 4500
003 OSt
005 20220926012109.0
006 a|||||r|||| 00| 0
007 ta
008 220923b |||||||| |||| 00| 0 eng d
037 _cGeneral Book
040 _aRTL
_cRTL
_beng
041 _2eng
_aeng
082 _aXM8.73.N7, L5
100 _aFatemi Nasrollah S
_9315487
245 0 _aMultinational corporations
_b The problems and the p
260 _aNew York
_bBarnes
_c1975
300 _a290p
_ccm.
500 _aBibliography p280-84; Appendix p249-79
650 _aMultinational
700 _a Williams Gail W
_9315488
942 _hXM8.73.N7, L5
_cGB
_2CC
999 _c621667
_d621667